000 01494nam a22002657a 4500
005 20110704115419.0
020 _a8182637007
_c15.00
020 _a9788182637009
_c15.00
035 _aB-432119-123
037 _aDPL
_bBlue Berry
082 _aS
100 _aAgarwal, Tanya Luther
_929740
245 _aA miaow and a roar /
_cby Tanya Luther Agarwal; illustrated by Partho Sengupta
250 _a2nd
260 _aNew Delhi
_bPratham Books
_c2010
270 _a633-634,4th "C" Main,6th 'B' Cross, OMBR Layout Banaswadi,
_bBangalore
_e560043
_k911141042483 (New Delhi)
300 _a16p.
_bill.
_c17 cm.(pbk)
942 _2ddc
_cCH
_hS
_mAGA
999 _c53572
_d53572